[Event "Stockholm Cramling op"]
[Site "Stockholm"]
[Date "2018.09.01"]
[Round "3"]
[White "Hellmer, Helena"]
[Black "Puuska, Heini"]
[Result "0-1"]
[WhiteElo "1436"]
[BlackElo "1961"]
[PlyCount "60"]
[EventDate "2018.09.01"]
[EventType "swiss"]
[EventRounds "7"]
[EventCountry "SWE"]
[SourceTitle "CBM 186 Extra"]
[Source "ChessBase"]
[SourceDate "2018.08.24"]
[SourceVersion "1"]
[SourceVersionDate "2018.08.24"]
[SourceQuality "1"]

1. Nf3 Nf6 2. g3 d5 3. d3 h6 4. Bg2 Bf5 5. Nbd2 Nbd7 6. 0-0 e5 7. c4 c6 8. Nh4 Be6 9. e4 d4 10. Nb3 c5 11. Nf5 g6 12. Nh4 Nh5 13. f4 exf4 14. Bxf4 Nxf4 15. Nf5 Nxg2 16. Qe2 Ne3 17. Nxe3 dxe3 18. Qxe3 Bg7 19. Qf2 0-0 20. Qg2 Qc7 21. Kh1 Ne5 22. d4 cxd4 23. Nxd4 Bxc4 24. Rfc1 Qb6 25. Rd1 Rad8 26. b3 Rxd4 27. bxc4 Rxd1+ 28. Rxd1 Rd8 29. Rxd8+ Qxd8 30. Qe2 Qd3 0-1

[Event "Stockholm Cramling op"]
[Site "Stockholm"]
[Date "2018.09.01"]
[Round "1"]
[White "Hellmer, Helena"]
[Black "Reizniece Ozola, Dana"]
[Result "1-0"]
[WhiteElo "1436"]
[BlackElo "2304"]
[PlyCount "71"]
[EventDate "2018.09.01"]
[EventType "swiss"]
[EventRounds "7"]
[EventCountry "SWE"]
[SourceTitle "CBM 186 Extra"]
[Source "ChessBase"]
[SourceDate "2018.08.24"]
[SourceVersion "1"]
[SourceVersionDate "2018.08.24"]
[SourceQuality "1"]

1. Nf3 Nf6 2. g3 g6 3. Bg2 Bg7 4. d3 0-0 5. 0-0 c5 6. Nbd2 Nc6 7. Re1 Rb8 8. e4 d6 9. c3 e5 10. Nf1 Ne8 11. Ne3 f5 12. Qb3+ Kh8 13. Nd5 Be6 14. c4 Nd4 15. Qd1 fxe4 16. Nxd4 cxd4 17. Bxe4 Nc7 18. Bd2 b5 19. b3 bxc4 20. bxc4 Nxd5 21. cxd5 Bh3 22. Qc1 Qf6 23. Re2 Bf5 24. Bg5 Qf7 25. Qe1 Bc8 26. Rc1 Bb7 27. Qa5 Rbc8 28. Rcc2 a6 29. Rxc8 Rxc8 30. Bd2 Bf8 31. Be1 Be7 32. Rb2 Bd8 33. Qb4 Bxd5 34. Qxd6 Bxe4 35. dxe4 Qc7 36. Qf8# 1-0